Shake a leg! / (Record no. 2080)

MARC details
000 -LEADER
fixed length control field 01206cam a2200325 a 4500
001 - CONTROL NUMBER
control field 2080
003 - CONTROL NUMBER IDENTIFIER
control field FISKH
005 - DATE AND TIME OF LATEST TRANSACTION
control field 20231106133956.0
008 - FIXED-LENGTH DATA ELEMENTS--GENERAL INFORMATION
fixed length control field 020104s2001 nyua j 000 1 eng d
010 ## - LIBRARY OF CONGRESS CONTROL NUMBER
LC control number 00134975
020 ## - INTERNATIONAL STANDARD BOOK NUMBER
International Standard Book Number 0375813454
020 ## - INTERNATIONAL STANDARD BOOK NUMBER
International Standard Book Number 033500980497
040 ## - CATALOGING SOURCE
Original cataloging agency IMF
Transcribing agency IMF
Modifying agency DLC
Language of cataloging eng
042 ## - AUTHENTICATION CODE
Authentication code lccopycat
050 00 - LIBRARY OF CONGRESS CALL NUMBER
Classification number PZ7.A42526
Item number Sha 2001
082 ## - DEWEY DECIMAL CLASSIFICATION NUMBER
Classification number 808.803
100 1# - MAIN ENTRY--PERSONAL NAME
Personal name Allen, Constance.
245 10 - TITLE STATEMENT
Title Shake a leg! /
Statement of responsibility, etc. by Constance Allen ; illustrated by Tom Cooke
260 ## - PUBLICATION, DISTRIBUTION, ETC.
Place of publication, distribution, etc. New York :
Name of publisher, distributor, etc. Golden Book,
Date of publication, distribution, etc. 1991.
300 ## - PHYSICAL DESCRIPTION
Extent 24 pages :
Other physical details color illlustrations ;
Dimensions 16 cm
505 ## - FORMATTED CONTENTS NOTE
Formatted contents note F<br/>
520 ## - SUMMARY, ETC.
Summary, etc. It's time for some exercise! So shake a leg and every other limb to get warmed up for some fitness and fun. Toddlers will have a good giggle as the Sesame monsters try different routines to get in shape. They can even follow along and get their own kid-sized workout.
521 8# - TARGET AUDIENCE NOTE
Target audience note 300<br/>
Source Lexile estimate<br/><br/>
521 8# - TARGET AUDIENCE NOTE
Target audience note F<br/>
Source Raz-Plus<br/>
650 #0 - SUBJECT ADDED ENTRY--TOPICAL TERM
Topical term or geographic name entry element Exercise for children
Form subdivision Juvenile fiction.
650 #0 - SUBJECT ADDED ENTRY--TOPICAL TERM
Topical term or geographic name entry element Puppets
Form subdivision Juvenile fiction.
700 1# - ADDED ENTRY--PERSONAL NAME
Personal name Swanson, Maggie,
Relator term illustrator
906 ## - LOCAL DATA ELEMENT F, LDF (RLIN)
a 7
b cbc
c copycat
d 2
e ncip
f 20
g y-gencatlg
942 ## - ADDED ENTRY ELEMENTS (KOHA)
Source of classification or shelving scheme Dewey Decimal Classification
Koha item type Books
Suppress in OPAC No
Holdings
Withdrawn status Lost status Source of classification or shelving scheme Damaged status Not for loan Collection Home library Current library Shelving location Date acquired Total Checkouts Full call number Barcode Date last seen Date last checked out Price effective from Koha item type
    Dewey Decimal Classification     Juvenile Fiction Footprints International School Library Network Toul Kork Campus Footprints International School Library Network Toul Kork Campus TK Primary Library Room(4th Floor), Bookcase 7, Shelves 57-60, Dark Green Books 11/03/2023 1 ALL 808.803 PZ7.A42526 FISBK07101 03/14/2024 02/07/2024 11/03/2023 Books